| 000 | 00506nam a22001817a 4500 | ||
|---|---|---|---|
| 003 | CEME | ||
| 005 | 20210628202951.0 | ||
| 008 | 210127b xxu||||| |||| 00| 0 eng d | ||
| 020 | _a81-239-0921-7 | ||
| 040 | _c. | ||
| 082 | _a658.5 BHE | ||
| 100 |
_aBheda, Rajesh;Fralix, Michael T _962606 |
||
| 245 | _aManaging productivity in the apparel industry | ||
| 260 |
_aNEW DELHI _bCBS PUBLISHERS _c2003 |
||
| 300 | _aXVIII,205P | ||
| 650 |
_aPRODUCTIVITY IN THE APPAREL INDUSTRY _962607 |
||
| 942 |
_cBK _2ddc |
||
| 999 |
_c571668 _d571668 |
||